[Event "Olimpiade 2022 - Open"]
[Site "Chennai"]
[Date "02.08.2022"]
[Round "5.93"]
[Board "1"]
[White "Senglek, Khonsavanh"]
[Black "Christopher, Art"]
[Result "0-1"]
[WhiteElo "1253"]
[BlackElo "1616"]
[WhiteTeam "Laos"]
[BlackTeam "British Virgin Islands"]
[WhiteFideId "17700167"]
[BlackFideId "2700085"]
[EventDate "2022.07.29"]

1. e4 e5 2. Nf3 f5 3. Nc3 Nf6 4. d3 c6 5. Bg5 fxe4 6. Nxe4 Be7 7. h4 d5 8. Nc3
Bg4 9. Bd2 e4 10. Qe2 exf3 11. gxf3 Bh5 12. O-O-O O-O 13. Qe6+ Kh8 14. Be2 Bc5
15. Rdf1 Qd7 16. Qe5 Na6 17. Qg5 Rae8 18. Bd1 Nc7 19. Rhg1 Ne6 20. Qg3 b5 21.
Ne2 Bd6 22. Qg2 Ng8 23. Ng3 Bxg3 24. Qxg3 Qf7 25. f4 Bxd1 26. Rxd1 Nxf4 27. Bxf4
Qxf4+ 28. Kb1 Qxg3 29. fxg3 Rf2 30. Rdf1 Rxf1+ 31. Rxf1 Nf6 32. b3 h5 33. Rf3
Re2 34. Kb2 a5 35. Kc1 Kg8 36. a3 Kf7 37. Kd1 Rh2 38. Kc1 Ke6 39. Re3+ Kf5 40.
Re7 g5 41. hxg5 Kxg5 42. Re6 Rg2 43. Kd1 c5 44. Re7 Rxg3 45. Ke1 c4 46. Kf2 Rg4
47. Re5+ Kf4 48. Re6 Kf5 49. Rb6 h4 50. dxc4 h3 51. Rb7 h2 0-1

[Event "Olimpiade 2022 - Open"]
[Site "Chennai"]
[Date "03.08.2022"]
[Round "6.1"]
[Board "1"]
[White "Gukesh, D"]
[Black "Sargissian, Gabriel"]
[Result "1-0"]
[WhiteTitle "GM"]
[BlackTitle "GM"]
[WhiteElo "2684"]
[BlackElo "2698"]
[WhiteTeam "India 2"]
[BlackTeam "Armenia"]
[WhiteFideId "46616543"]
[BlackFideId "13300881"]
[EventDate "2022.07.29"]

1. d4 d5 2. c4 e6 3. Nf3 Nf6 4. Nc3 Bb4 5. Qa4+ Nc6 6. e3 O-O 7. Bd2 dxc4 8.
Bxc4 Bd6 9. Qc2 e5 10. dxe5 Nxe5 11. Be2 Nxf3+ 12. gxf3 a6 13. O-O-O b5 14. Rhg1
b4 15. Ne4 Nxe4 16. fxe4 Qe7 17. f4 a5 18. e5 Bc5 19. Rg5 Ba6 20. Rdg1 g6 21.
Bxa6 Rxa6 22. f5 Ba7 23. e6 Kh8 24. Kb1 gxf5 25. Bxb4 Qxb4 26. Qg2 Qe4+ 27. Qxe4
fxe4 28. e7 Re8 29. Rg8+ Rxg8 30. Rxg8+ Kxg8 31. e8=Q+ Kg7 32. Qe5+ Rf6 33. Qg5+
Rg6 34. Qxa5 Rg1+ 35. Kc2 Rg2+ 36. Kb3 Bb6 37. Qe5+ Kf8 38. Qh8+ Ke7 39. Qxh7
Re2 40. Qxe4+ Kf8 41. Qb4+ 1-0

[Event "Olimpiade 2022 - Open"]
[Site "Chennai"]
[Date "03.08.2022"]
[Round "6.1"]
[Board "2"]
[White "Melkumyan, Hrant"]
[Black "Nihal, Sarin"]
[Result "1/2-1/2"]
[WhiteTitle "GM"]
[BlackTitle "GM"]
[WhiteElo "2634"]
[BlackElo "2651"]
[WhiteTeam "Armenia"]
[BlackTeam "India 2"]
[WhiteFideId "13302485"]
[BlackFideId "25092340"]
[EventDate "2022.07.29"]

1. c4 e6 2. Nc3 d5 3. d4 c5 4. cxd5 exd5 5. Nf3 Nf6 6. Bg5 Be6 7. Bxf6 Qxf6 8.
e4 dxe4 9. Nxe4 Qf4 10. Bb5+ Nc6 11. Qe2 Be7 12. dxc5 O-O 13. Bxc6 bxc6 14. O-O
Bd5 15. Rfe1 f5 16. Nc3 Bxf3 17. Qxf3 Qxf3 18. gxf3 Bxc5 19. Re6 Bd4 20. Rxc6
Rfc8 21. Rxc8+ Rxc8 22. Rc1 a5 23. Kf1 a4 24. a3 Kf7 25. Ke2 Bxc3 26. Rxc3 Rb8
27. Rc4 Rxb2+ 28. Kf1 Rb3 29. Rxa4 Rxf3 30. Ra7+ Kf6 1/2-1/2

[Event "Olimpiade 2022 - Open"]
[Site "Chennai"]
[Date "03.08.2022"]
[Round "6.1"]
[Board "3"]
[White "Adhiban, Baskaran"]
[Black "Ter-Sahakyan, Samvel"]
[Result "0-1"]
[WhiteTitle "GM"]
[BlackTitle "GM"]
[WhiteElo "2598"]
[BlackElo "2625"]
[WhiteTeam "India 2"]
[BlackTeam "Armenia"]
[WhiteFideId "5018471"]
[BlackFideId "13302531"]
[EventDate "2022.07.29"]

1. d4 Nf6 2. c4 e6 3. Nc3 Bb4 4. e3 O-O 5. Bd3 d5 6. cxd5 exd5 7. Ne2 Re8 8. Bd2
Bf8 9. Rc1 b6 10. O-O c5 11. Nf4 Bb7 12. Qf3 a6 13. dxc5 bxc5 14. Rfd1 Nbd7 15.
Qh3 Ne5 16. Bb1 Ng6 17. Nce2 Qb6 18. Bc3 Rad8 19. Qf5 Bc8 20. Qc2 d4 21. exd4
Nxf4 22. Nxf4 cxd4 23. Bd2 Bg4 24. Re1 Rc8 25. Qd3 Rxc1 26. Rxc1 Qxb2 27. Qc2
Ba3 28. Qxb2 Bxb2 29. Re1 Rxe1+ 30. Bxe1 Bd7 31. Bd3 g5 32. Nh3 Bc3 33. Kf1 Bxe1
34. Kxe1 Bxh3 35. gxh3 a5 36. Ke2 Nd7 37. Kf3 Nc5 38. Bc2 Kg7 39. Kg4 d3 40. Bd1
Ne4 0-1

[Event "Olimpiade 2022 - Open"]
[Site "Chennai"]
[Date "03.08.2022"]
[Round "6.1"]
[Board "4"]
[White "Hovhannisyan, Robert"]
[Black "Sadhwani, Raunak"]
[Result "1-0"]
[WhiteTitle "GM"]
[BlackTitle "GM"]
[WhiteElo "2591"]
[BlackElo "2611"]
[WhiteTeam "Armenia"]
[BlackTeam "India 2"]
[WhiteFideId "13302507"]
[BlackFideId "35093487"]
[EventDate "2022.07.29"]

1. e4 e5 2. Nf3 Nc6 3. Bb5 Nf6 4. O-O Nxe4 5. d4 Nd6 6. Bxc6 dxc6 7. dxe5 Nf5 8.
Qxd8+ Kxd8 9. Nc3 Bd7 10. h3 h6 11. b3 c5 12. Bb2 Nd4 13. Nxd4 cxd4 14. Ne4 c5
15. c3 dxc3 16. Bxc3 a5 17. Rad1 Kc7 18. f4 a4 19. Nd6 Bxd6 20. exd6+ Kb6 21. b4
cxb4 22. Bxb4 Rhe8 23. Rf2 Rac8 24. Rd4 Ka6 25. a3 b5 26. Rd5 f6 27. Rd3 Bf5 28.
Rg3 g6 29. Rd2 Re4 30. Kh2 Rd8 31. Rc3 Rc4 32. Re3 Rxf4 33. Re7 Re4 34. Rf7 Re6
35. Bc5 b4 36. Ra7+ Kb5 37. Bxb4 Re5 38. Rb2 Kc6 39. Rc7+ Kd5 40. Rd2+ Ke4 41.
Rc4+ Ke3 42. Rc1 Bd3 43. Bc3 Be2 44. Re1 Kf2 45. Rb1 Ke3 46. Rbb2 Bd3 47. Rd1
Bc4 48. Bd4+ Ke4 49. Bxe5 Kxe5 50. Re1+ Kd4 51. Rb4 1-0

[Event "Olimpiade 2022 - Open"]
[Site "Chennai"]
[Date "03.08.2022"]
[Round "6.2"]
[Board "1"]
[White "Abdusattorov, Nodirbek"]
[Black "Harikrishna, Pentala"]
[Result "0-1"]
[WhiteTitle "GM"]
[BlackTitle "GM"]
[WhiteElo "2688"]
[BlackElo "2720"]
[WhiteTeam "Uzbekistan"]
[BlackTeam "India"]
[WhiteFideId "14204118"]
[BlackFideId "5007003"]
[EventDate "2022.07.29"]

1. e4 e5 2. Nf3 Nc6 3. Bc4 Bc5 4. d3 Nf6 5. Bg5 h6 6. Bh4 d6 7. O-O a5 8. c3 Ba7
9. a4 g5 10. Bg3 Ne7 11. Qb3 O-O 12. Nbd2 Ng6 13. d4 Nh5 14. dxe5 Nxg3 15. hxg3
dxe5 16. Rad1 g4 17. Nh2 Qg5 18. Rfe1 Kg7 19. Re2 h5 20. Ndf1 h4 21. Rd3 hxg3
22. Rxg3 Nf4 23. Nxg4 Bxg4 24. Ne3 Bxe3 25. Rexe3 Ng6 26. Be2 Be6 27. Qb5 Qf4
28. Qc5 Rh8 29. Qxc7 Rh6 30. Bf3 Rc8 31. Qxa5 Rch8 32. Kf1 Rh1+ 33. Ke2 Bc4+ 34.
Kd2 Rf1 0-1

[Event "Olimpiade 2022 - Open"]
[Site "Chennai"]
[Date "03.08.2022"]
[Round "6.2"]
[Board "2"]
[White "Vidit, Santosh Gujrathi"]
[Black "Yakubboev, Nodirbek"]
[Result "1/2-1/2"]
[WhiteTitle "GM"]
[BlackTitle "GM"]
[WhiteElo "2714"]
[BlackElo "2620"]
[WhiteTeam "India"]
[BlackTeam "Uzbekistan"]
[WhiteFideId "5029465"]
[BlackFideId "14203987"]
[EventDate "2022.07.29"]

1. d4 Nf6 2. c4 g6 3. Nc3 Bg7 4. e4 d6 5. Nf3 O-O 6. Be2 Na6 7. O-O e5 8. Re1
Bg4 9. Be3 exd4 10. Nxd4 Bxe2 11. Qxe2 Re8 12. f3 c6 13. Rad1 Nd7 14. Nc2 Bxc3
15. bxc3 Qe7 16. Rd4 Ne5 17. Red1 Rad8 18. Bc1 Nc7 19. R4d2 Ne6 20. Ne3 f6 21.
Ba3 Nf7 22. Qf2 Ng7 23. Rd3 Qe6 24. c5 dxc5 25. Rxd8 Rxd8 26. Rxd8+ Nxd8 27.
Bxc5 b6 28. Ba3 Nf7 29. c4 Ne5 30. Qd2 Qd7 31. Qd6 Qxd6 32. Bxd6 Kf7 33. Kf1 Ke6
34. Bb8 Nd7 35. Bf4 Ne5 36. Ke2 Nh5 37. g3 Nxf4+ 38. gxf4 Nd7 39. h4 Kd6 40. Kd2
a5 41. Kc3 Nc5 42. Ng4 f5 43. exf5 gxf5 44. Ne3 Ke6 45. Nc2 Kd7 46. Nd4 Ne6 47.
Nxf5 Nxf4 48. a3 Ke6 49. Nd4+ Kd6 50. Nf5+ Kc5 51. Ng3 Kd6 52. Kd4 Ne6+ 53. Ke4
Kc5 54. Kd3 b5 55. Ne4+ Kb6 56. cxb5 cxb5 57. Nf6 h6 58. h5 Kc5 59. Ng4 Nf4+ 60.
Kc3 Nxh5 1/2-1/2

[Event "Olimpiade 2022 - Open"]
[Site "Chennai"]
[Date "03.08.2022"]
[Round "6.2"]
[Board "4"]
[White "Sasikiran, Krishnan"]
[Black "Vokhidov, Shamsiddin"]
[Result "0-1"]
[WhiteTitle "GM"]
[BlackTitle "GM"]
[WhiteElo "2638"]
[BlackElo "2552"]
[WhiteTeam "India"]
[BlackTeam "Uzbekistan"]
[WhiteFideId "5004985"]
[BlackFideId "14204223"]
[EventDate "2022.07.29"]

1. e4 c5 2. Nf3 d6 3. Bb5+ Nd7 4. Ba4 Nf6 5. O-O e6 6. d3 Be7 7. c4 O-O 8. Nc3
a6 9. h3 Qc7 10. Qe2 b6 11. Bf4 Bb7 12. Bh2 Rac8 13. Rac1 Nb8 14. Rfd1 Nc6 15.
Qe3 Rfd8 16. Kh1 h6 17. a3 Nd7 18. Ne2 Bf6 19. Rb1 Nde5 20. Bxc6 Bxc6 21. b4
Nxf3 22. Qxf3 Qd7 23. Nf4 b5 24. Qe2 Bd4 25. f3 Rb8 26. Qd2 e5 27. Ne2 bxc4 28.
dxc4 Rdc8 29. Rbc1 Ba4 30. Re1 f6 31. Ng3 Rb6 32. Nf5 Qf7 33. f4 Rbc6 34. Nxd4
cxd4 35. c5 Qe6 36. fxe5 dxe5 37. Rf1 a5 38. Rf3 Ra6 39. Bg3 Bb5 40. bxa5 Bc6
41. Qd3 Rxa5 42. Be1 Ra7 43. Bb4 Rf7 44. Kg1 Rcf8 45. Re1 Qd7 46. Rg3 Kh7 47.
Kh2 Kh8 48. Rg6 Qb7 49. Bd2 Ra8 50. Bb4 Rd8 51. Ba5 Rb8 52. Bb4 Qc7 53. Rg3 Rbf8
54. Rg6 Qd7 55. Bd2 Rb8 56. Bb4 Qe6 57. Qe2 Rff8 58. Qd3 Rbe8 59. Qe2 Qf7 60.
Rg3 Re7 61. Qa6 Qe6 62. Qd3 f5 63. exf5 Rxf5 64. a4 Qf6 65. a5 e4 66. Qa6 e3 67.
Qc8+ Kh7 68. a6 Rf2 69. Rg1 e2 70. Re1 Re3 71. Rg4 Bxg2 72. Rxg2 Qf4+ 73. Kh1
Rxg2 74. Kxg2 Rg3+ 0-1

[Event "Olimpiade 2022 - Open"]
[Site "Chennai"]
[Date "03.08.2022"]
[Round "6.3"]
[Board "1"]
[White "Caruana, Fabiano"]
[Black "Maghsoodloo, Parham"]
[Result "1-0"]
[WhiteTitle "GM"]
[BlackTitle "GM"]
[WhiteElo "2783"]
[BlackElo "2701"]
[WhiteTeam "United States of America"]
[BlackTeam "Iran"]
[WhiteFideId "2020009"]
[BlackFideId "12539929"]
[EventDate "2022.07.29"]

1. e4 c5 2. Nf3 d6 3. d4 cxd4 4. Nxd4 Nf6 5. Nc3 a6 6. f3 e5 7. Nb3 Be6 8. Be3
Nbd7 9. g4 Be7 10. Qd2 O-O 11. O-O-O b5 12. g5 b4 13. gxf6 bxc3 14. Qxc3 Nxf6
15. Na5 Rc8 16. Nc6 Qe8 17. Nxe7+ Qxe7 18. Qa5 Rc6 19. Rg1 Rfc8 20. Kb1 Nh5 21.
Rg2 Qf6 22. Rf2 Qh4 23. Rfd2 h6 24. b3 Qf6 25. Rf2 Qh4 26. Qe1 Nf4 27. c4 f5 28.
Bxf4 Qxf4 29. Bd3 Rf8 30. Kb2 Qh4 31. Rg2 Qf6 32. Qb4 Rf7 33. Bc2 Qd8 34. Rg6
Rf6 35. Rxf6 gxf6 36. exf5 Bxc4 37. Qd2 Qb6 38. Qxh6 d5 39. Qg6+ Kf8 40. Rg1 d4
41. Qg7+ Ke8 42. Qh8+ Ke7 43. Rg7+ Bf7 44. Qh5 Rxc2+ 45. Kxc2 d3+ 46. Kd1 Qg1+
47. Rxg1 Bxh5 48. Kd2 1-0

[Event "Olimpiade 2022 - Open"]
[Site "Chennai"]
[Date "03.08.2022"]
[Round "6.3"]
[Board "2"]
[White "Tabatabaei, M. Amin"]
[Black "Aronian, Levon"]
[Result "1/2-1/2"]
[WhiteTitle "GM"]
[BlackTitle "GM"]
[WhiteElo "2664"]
[BlackElo "2775"]
[WhiteTeam "Iran"]
[BlackTeam "United States of America"]
[WhiteFideId "12521213"]
[BlackFideId "13300474"]
[EventDate "2022.07.29"]

1. c4 Nf6 2. g3 c5 3. Bg2 Nc6 4. Nf3 d5 5. cxd5 Nxd5 6. Nc3 g6 7. h4 Bg7 8. h5
Bf5 9. h6 Bf6 10. O-O O-O 11. Nh2 Nb6 12. g4 Be6 13. Ne4 Bd5 14. d3 c4 15. dxc4
Bxe4 16. Bxe4 Nxc4 17. g5 Bh8 18. Qxd8 Rfxd8 19. Nf3 Rac8 20. Rb1 Kf8 21. a3 Ke8
22. b3 Nd6 23. Bd3 a6 24. Be3 Nb5 25. Bxb5 axb5 26. Rfc1 Rd5 27. Kg2 f5 28. gxf6
Bxf6 29. a4 Ra8 30. Rc5 Rxc5 31. Bxc5 bxa4 1/2-1/2

[Event "Olimpiade 2022 - Open"]
[Site "Chennai"]
[Date "03.08.2022"]
[Round "6.3"]
[Board "3"]
[White "So, Wesley"]
[Black "Idani, Pouya"]
[Result "1/2-1/2"]
[WhiteTitle "GM"]
[BlackTitle "GM"]
[WhiteElo "2773"]
[BlackElo "2641"]
[WhiteTeam "United States of America"]
[BlackTeam "Iran"]
[WhiteFideId "5202213"]
[BlackFideId "12510130"]
[EventDate "2022.07.29"]

1. e4 c6 2. d4 d5 3. exd5 cxd5 4. Bd3 Nf6 5. c3 Bg4 6. Qb3 Qc7 7. Ne2 Bxe2 8.
Bxe2 e6 9. Nd2 Bd6 10. Nf3 O-O 11. O-O Nc6 12. g3 Rab8 13. Re1 b5 14. a3 h6 15.
Bd3 Rfc8 16. Re2 a5 17. Bxb5 Na7 18. a4 Nxb5 19. axb5 Qb6 20. Ne1 Qxb5 21. Qxb5
Rxb5 22. Nd3 Nd7 23. Bf4 Bf8 24. g4 Nb6 25. h4 a4 26. Rc2 Rb3 27. Nc1 Rb5 28.
Nd3 Rb3 29. Nc1 Rb5 30. Nd3 1/2-1/2

[Event "Olimpiade 2022 - Open"]
[Site "Chennai"]
[Date "03.08.2022"]
[Round "6.3"]
[Board "4"]
[White "Daneshvar, Bardiya"]
[Black "Dominguez Perez, Leinier"]
[Result "1/2-1/2"]
[WhiteTitle "IM"]
[BlackTitle "GM"]
[WhiteElo "2490"]
[BlackElo "2754"]
[WhiteTeam "Iran"]
[BlackTeam "United States of America"]
[WhiteFideId "12576468"]
[BlackFideId "3503240"]
[EventDate "2022.07.29"]

1. d4 Nf6 2. c4 e6 3. Nc3 d5 4. cxd5 exd5 5. Bg5 Bb4 6. e3 h6 7. Bxf6 Qxf6 8.
Qb3 Qd6 9. a3 Bxc3+ 10. Qxc3 Bf5 11. Qb4 Qb6 12. Rc1 c6 13. Nf3 Nd7 14. Nd2 Qc7
15. a4 a5 16. Qa3 Nf6 17. Nb3 h5 18. Be2 h4 19. O-O Ne4 20. Nc5 Qe7 21. Nxe4
Bxe4 22. Qxe7+ Kxe7 23. f3 Bf5 24. Rc5 Rhc8 25. e4 Bd7 26. Rfc1 b6 27. R5c3 dxe4
28. fxe4 c5 29. dxc5 Rxc5 30. Rxc5 bxc5 31. Rxc5 Bxa4 32. Rc7+ Kf8 33. Bc4 Be8
34. Bd5 Ra6 35. b3 a4 36. bxa4 Rxa4 37. Kf2 Ra3 38. Rb7 Rc3 39. Ra7 f6 40. Rb7
Rc2+ 41. Kg1 Rd2 42. Ra7 Rb2 43. g3 h3 44. Be6 Rb1+ 45. Kf2 Rb2+ 46. Kg1 1/2-1/2

[Event "Olimpiade 2022 - Open"]
[Site "Chennai"]
[Date "03.08.2022"]
[Round "6.4"]
[Board "1"]
[White "Quesada Perez, Yasser"]
[Black "Shirov, Alexei"]
[Result "1/2-1/2"]
[WhiteTitle "GM"]
[BlackTitle "GM"]
[WhiteElo "2568"]
[BlackElo "2704"]
[WhiteTeam "Cuba"]
[BlackTeam "Spain"]
[WhiteFideId "3509362"]
[BlackFideId "2209390"]
[EventDate "2022.07.29"]

1. e4 e5 2. Nf3 Nc6 3. Bc4 Bc5 4. c3 Nf6 5. d4 exd4 6. e5 d5 7. Bb5 Ne4 8. cxd4
Bb6 9. Nc3 O-O 10. Be3 Bg4 11. h3 Bh5 12. Qc2 Bg6 13. Qb3 Ne7 14. O-O c6 15. Bd3
Nd2 16. Nxd2 Bxd3 17. Rfe1 Bg6 18. Na4 Nf5 19. Nxb6 axb6 20. Nf3 b5 21. Bd2 Re8
22. g4 Nh4 23. Nh2 Ra4 24. Qe3 Rc4 25. b3 Rc2 26. Rec1 h6 27. Rxc2 Bxc2 28. Qg3
g5 29. f4 f6 30. Nf3 Nxf3+ 31. Qxf3 fxe5 32. dxe5 Be4 33. Qf2 gxf4 34. Qxf4 Rf8
35. Qxh6 Rf3 36. Qe6+ Kh7 37. Qh6+ Kg8 38. Qe6+ Kh7 39. Qh6+ 1/2-1/2

[Event "Olimpiade 2022 - Open"]
[Site "Chennai"]
[Date "03.08.2022"]
[Round "6.4"]
[Board "2"]
[White "Anton Guijarro, David"]
[Black "Albornoz Cabrera, Carlos Daniel"]
[Result "1/2-1/2"]
[WhiteTitle "GM"]
[BlackTitle "GM"]
[WhiteElo "2667"]
[BlackElo "2566"]
[WhiteTeam "Spain"]
[BlackTeam "Cuba"]
[WhiteFideId "2285525"]
[BlackFideId "3518736"]
[EventDate "2022.07.29"]

1. d4 Nf6 2. c4 e6 3. Nf3 d5 4. Nc3 Bb4 5. Qa4+ Nc6 6. e3 O-O 7. Qc2 Re8 8. Bd2
Bf8 9. Be2 dxc4 10. Bxc4 Nb4 11. Qb1 c5 12. dxc5 Bxc5 13. O-O Nc6 14. Ne4 Bb4
15. Rd1 Qe7 16. Nxf6+ Qxf6 17. Bxb4 Nxb4 18. Qe4 Nc6 19. Rd6 Rd8 20. Rxd8+ Qxd8
21. h4 Bd7 22. Ng5 g6 23. Qf4 Qe7 24. Ne4 h5 25. Be2 Kg7 26. Qg3 Rh8 27. Rd1 e5
28. Nd6 Be6 29. Bf3 Bc8 30. a3 Rd8 31. Nxc8 Rxc8 32. b4 e4 33. Bxh5 Qe5 34. Bg4
Qxg3 35. fxg3 f5 36. Rd7+ Kf6 37. Be2 Ne5 38. Rxb7 Rc3 39. Rxa7 Rxe3 40. Ra6+
Ke7 41. Kf2 Rb3 42. Bd1 Rd3 43. Be2 Rb3 44. Bd1 Rd3 45. Be2 1/2-1/2

[Event "Olimpiade 2022 - Open"]
[Site "Chennai"]
[Date "03.08.2022"]
[Round "6.4"]
[Board "3"]
[White "Quesada Perez, Luis Ernesto"]
[Black "Santos Latasa, Jaime"]
[Result "1/2-1/2"]
[WhiteTitle "GM"]
[BlackTitle "GM"]
[WhiteElo "2549"]
[BlackElo "2675"]
[WhiteTeam "Cuba"]
[BlackTeam "Spain"]
[WhiteFideId "3520773"]
[BlackFideId "2293307"]
[EventDate "2022.07.29"]

1. c4 c5 2. g3 Nc6 3. Bg2 g6 4. Nc3 Bg7 5. Nf3 e6 6. d3 Nge7 7. h4 h6 8. h5 g5
9. Nxg5 hxg5 10. Bxg5 f6 11. h6 fxg5 12. hxg7 Rxh1+ 13. Bxh1 Kf7 14. e3 Kxg7 15.
Qh5 d5 16. Qxg5+ Ng6 17. Qxd8 Nxd8 18. cxd5 Ne5 19. Rd1 exd5 20. d4 cxd4 21.
Rxd4 Ndc6 22. Rxd5 a6 23. Bg2 Be6 24. Rd6 Bg4 25. Be4 Nf3+ 26. Bxf3 Bxf3 27. e4
Ne5 28. Rd5 Re8 29. Kd2 Nc4+ 30. Kd3 Nxb2+ 31. Ke3 Bg2 32. f3 Rf8 33. f4 b5 34.
f5 b4 35. Ne2 Re8 36. Rd4 Nd1+ 37. Rxd1 Bxe4 38. Rd7+ Kf6 39. Rd6+ Kxf5 40. Nd4+
Ke5 1/2-1/2

[Event "Olimpiade 2022 - Open"]
[Site "Chennai"]
[Date "03.08.2022"]
[Round "6.4"]
[Board "4"]
[White "Iturrizaga Bonelli, Eduardo"]
[Black "Almeida Quintana, Omar"]
[Result "1/2-1/2"]
[WhiteTitle "GM"]
[BlackTitle "GM"]
[WhiteElo "2619"]
[BlackElo "2523"]
[WhiteTeam "Spain"]
[BlackTeam "Cuba"]
[WhiteFideId "3901211"]
[BlackFideId "3503313"]
[EventDate "2022.07.29"]

1. c4 g6 2. d4 Bg7 3. e4 d6 4. Nc3 e5 5. d5 a5 6. Be2 h5 7. Nf3 Bh6 8. c5 Nd7 9.
cxd6 cxd6 10. Nd2 Nb6 11. b3 Nf6 12. Ba3 O-O 13. O-O a4 14. Nc4 axb3 15. axb3
Nxc4 16. bxc4 b6 17. Qd3 Ba6 18. Bb4 Qd7 19. Qf3 Kg7 20. Ra2 Ra7 21. Rfa1 Rfa8
22. h3 Ne8 23. Qd3 Bg5 24. Qd1 Bc8 25. Rxa7 Rxa7 26. Rxa7 Qxa7 27. Nb5 Qb8 28.
Qa1 Bf6 29. Qa3 Be7 30. f4 exf4 31. e5 Bd7 32. exd6 Bf6 33. Nc3 Bd4+ 34. Kh1 Nf6
35. Qc1 Be5 36. Qa3 g5 37. Bd3 f3 38. gxf3 Bxh3 39. Ne4 Nxe4 40. Bxe4 Bd7 41.
Bc3 Bxc3 42. Qxc3+ 1/2-1/2

[Event "Olimpiade 2022 - Open"]
[Site "Chennai"]
[Date "03.08.2022"]
[Round "6.5"]
[Board "1"]
[White "Duda, Jan-Krzysztof"]
[Black "Indjic, Aleksandar"]
[Result "1/2-1/2"]
[WhiteTitle "GM"]
[BlackTitle "GM"]
[WhiteElo "2750"]
[BlackElo "2620"]
[WhiteTeam "Poland"]
[BlackTeam "Serbia"]
[WhiteFideId "1170546"]
[BlackFideId "911925"]
[EventDate "2022.07.29"]

1. d4 Nf6 2. c4 e6 3. Nf3 c5 4. d5 d6 5. Nc3 exd5 6. cxd5 g6 7. Nd2 Bg7 8. e4
O-O 9. Be2 Re8 10. O-O Nbd7 11. a4 a6 12. Ra3 Rb8 13. a5 h6 14. h3 g5 15. Nc4
Nxe4 16. Nxe4 Rxe4 17. Nxd6 Rd4 18. Qc2 Nf6 19. Nxc8 Rxc8 20. Be3 Rxd5 21. f4
gxf4 22. Bxf4 Nh5 23. Bh2 Rd2 24. Qc4 Qd4+ 25. Kh1 Nf6 26. Rb3 Qe4 27. Qxe4 Nxe4
28. Re3 Re8 29. Bh5 Rf2 30. Rfe1 Bd4 31. Rxe4 Rxe4 32. Rxe4 Rf1+ 33. Bg1 Rxg1+
34. Kh2 Rb1 35. Re8+ Kg7 36. Re7 Rxb2 37. Rxf7+ Kg8 38. Kg3 c4 39. Kf3 Rb5 40.
Rf4 Rxh5 41. Rxd4 Rxa5 42. Rxc4 Rb5 43. g4 a5 44. h4 Kf7 45. Kf4 Kf6 46. Rd4 Rb6
47. Ke4 Ke6 48. g5 hxg5 49. hxg5 Rb1 50. Rd8 a4 51. Re8+ Kf7 52. Ra8 Ra1 53. Kf5
a3 54. Ra7 a2 55. Rxb7+ Ke8 56. Rb8+ Kd7 57. Rb7+ Kd6 58. Rb6+ Kd7 59. Rb7+ Kd6
60. Rb6+ Kc7 61. Ra6 Rf1+ 62. Ke6 a1=Q 63. Rxa1 Rxa1 64. g6 Rg1 65. Kf7 Kd7 66.
g7 Rf1+ 67. Kg6 Rg1+ 68. Kf7 Rxg7+ 69. Kxg7 1/2-1/2

[Event "Olimpiade 2022 - Open"]
[Site "Chennai"]
[Date "03.08.2022"]
[Round "6.5"]
[Board "2"]
[White "Ivic, Velimir"]
[Black "Wojtaszek, Radoslaw"]
[Result "1/2-1/2"]
[WhiteTitle "GM"]
[BlackTitle "GM"]
[WhiteElo "2581"]
[BlackElo "2708"]
[WhiteTeam "Serbia"]
[BlackTeam "Poland"]
[WhiteFideId "950122"]
[BlackFideId "1118358"]
[EventDate "2022.07.29"]

1. e4 e5 2. Nf3 Nc6 3. Bb5 a6 4. Ba4 Nf6 5. O-O Be7 6. Re1 b5 7. Bb3 O-O 8. a4
Bb7 9. d3 d6 10. Bd2 b4 11. c3 Rb8 12. cxb4 Bc8 13. b5 axb5 14. axb5 Rxb5 15.
Bc3 Bg4 16. Nbd2 Rb8 17. h3 Bh5 18. Bc4 Nd7 19. Nf1 Nd4 20. Bxd4 Bxf3 21. Qxf3
exd4 22. Qe2 Ne5 23. Ba2 c6 24. f4 Nd7 25. Nh2 Rb4 26. Ng4 Nf6 27. Nxf6+ Bxf6
28. e5 dxe5 29. fxe5 Bg5 30. Rf1 Be3+ 31. Kh1 Qe8 32. Qg4 Rb7 33. e6 fxe6 34.
Bxe6+ Kh8 35. Bd7 Qd8 36. Rxf8+ Qxf8 37. Qf5 Qd6 38. Bxc6 Rb8 39. Be4 g6 40. Qf7
Rf8 41. Ra8 Rxa8 42. Bxa8 Qf4 43. Qxf4 Bxf4 44. Kg1 Kg7 45. Kf2 Kf6 46. Kf3 Ke5
47. b4 Bg5 48. b5 Bd8 49. Be4 Kf6 50. Bd5 Ke5 51. Bg8 h6 52. Bf7 g5 53. Be8 Bc7
54. Kg4 Kf6 55. Kh5 Kg7 1/2-1/2

[Event "Olimpiade 2022 - Open"]
[Site "Chennai"]
[Date "03.08.2022"]
[Round "6.5"]
[Board "3"]
[White "Piorun, Kacper"]
[Black "Markus, Robert"]
[Result "0-1"]
[WhiteTitle "GM"]
[BlackTitle "GM"]
[WhiteElo "2636"]
[BlackElo "2616"]
[WhiteTeam "Poland"]
[BlackTeam "Serbia"]
[WhiteFideId "1130420"]
[BlackFideId "921637"]
[EventDate "2022.07.29"]

1. e4 e5 2. Nf3 Nf6 3. Nxe5 d6 4. Nf3 Nxe4 5. Bd3 Nf6 6. O-O Be7 7. h3 O-O 8. c3
Re8 9. Bc2 Bf8 10. d4 h6 11. c4 c6 12. Nc3 Na6 13. Bf4 Nb4 14. Bb1 a5 15. a3 Na6
16. Bc2 Nc7 17. d5 cxd5 18. cxd5 Bd7 19. Qd2 a4 20. Be3 Ra5 21. Bb6 Ra6 22. Bd4
Ncxd5 23. Nxd5 Nxd5 24. Bxg7 Bxg7 25. Qxd5 Bc6 26. Qh5 Qf6 27. Rae1 Raa8 28. Re3
Qxb2 29. Qf5 Qf6 30. Qh7+ Kf8 31. Nh2 Rxe3 32. fxe3 Qe6 33. Ng4 Ra5 34. Bg6 Be8
35. Bf5 Qe7 36. Rf3 Qg5 37. Be6 Rc5 38. Qe4 Qe7 39. Rf1 h5 40. Qg6 Rg5 0-1

[Event "Olimpiade 2022 - Open"]
[Site "Chennai"]
[Date "03.08.2022"]
[Round "6.5"]
[Board "4"]
[White "Perunovic, Milos"]
[Black "Bartel, Mateusz"]
[Result "1/2-1/2"]
[WhiteTitle "GM"]
[BlackTitle "GM"]
[WhiteElo "2539"]
[BlackElo "2597"]
[WhiteTeam "Serbia"]
[BlackTeam "Poland"]
[WhiteFideId "921629"]
[BlackFideId "1112635"]
[EventDate "2022.07.29"]

1. e4 e6 2. d4 d5 3. Nc3 Nf6 4. e5 Nfd7 5. f4 c5 6. Nf3 Nc6 7. Be3 Be7 8. a3 O-O
9. dxc5 Nxc5 10. Be2 b6 11. O-O Bb7 12. Qe1 Ne4 13. Rd1 Nxc3 14. Qxc3 Na5 15.
Qe1 Qc8 16. Nd4 Nc6 17. Bd3 Nxd4 18. Bxd4 Ba6 19. Bxa6 Qxa6 20. f5 exf5 21. e6
Qc8 22. Rxf5 Qxc2 23. Rxd5 fxe6 24. Qxe6+ Rf7 25. Rf1 Qg6 26. Qxg6 hxg6 27. Rxf7
Kxf7 28. Kf2 Ke6 29. Re5+ Kf7 30. Rd5 Ke6 31. Re5+ Kf7 1/2-1/2